Εφαρμογές μικτών μοντέλων παλινδρόμησης : μεταπτυχιακή εργασία
Στην εργασία αυτή γίνεται μία μελέτη των γνωστότερων μεθόδων που μπορούν να χρησιμοποιηθούν για την ανάλυση δεδομένων που λαμβάνονται επαναλαμβανόμενα στο χρόνο (longitudinal data). Εκτός από τη γραμμική περίπτωση εξετάζεται και η οικογένεια των γενικευμένων γραμμικών μοντέλων κάτω από το πλαίσιο τω...
Αποθηκεύτηκε σε:
| Κύριος συγγραφέας: | |
|---|---|
| Συγγραφή απο Οργανισμό/Αρχή: | |
| Μορφή: | Thesis Βιβλίο |
| Γλώσσα: | Greek |
| Δημοσίευση: |
2012.
|
| Θέματα: | |
| Διαθέσιμο Online: | http://hdl.handle.net/11610/15573 |
| Ετικέτες: |
Προσθήκη ετικέτας
Δεν υπάρχουν, Καταχωρήστε ετικέτα πρώτοι!
|
MARC
| LEADER | 00000cam a2200000 i 4500 | ||
|---|---|---|---|
| 001 | 1/24163 | ||
| 008 | 121219s2012 gr | ||| |||| ||gre|| | ||
| 035 | |l 10113392 | ||
| 040 | |a GR-MyUA |b gre |e AACR2 | ||
| 041 | 0 | |a gre | |
| 082 | 0 | |a 519.535 |2 (22) | |
| 100 | 1 | |a Βαλαή, Γεωργία. | |
| 245 | 1 | 0 | |a Εφαρμογές μικτών μοντέλων παλινδρόμησης : |b μεταπτυχιακή εργασία / |c Γεωργία Βαλαή ; επιβλέπων καθηγητής Τζών Τσιμήκας. |
| 260 | |c 2012. | ||
| 300 | |a 78 σ. : |b σχέδια, πίν. ; |c 30 εκ. | ||
| 500 | |a Μέλη της εξεταστικής επιτροπής: Γιάννης Τσιμήκας, Στέλιος Γεωργίου, Στέλλα Στυλιανού. | ||
| 502 | |a Διατριβή (μεταπτυχιακή) – Πανεπιστήμιο Αιγαίου, Σάμος, 2012. | ||
| 504 | |a Βιβλιογραφία: σ. 77-78. | ||
| 506 | 1 | |a Διάθεση πλήρους κειμένου ; |d Ενδοπανεπιστημιακή δημοσίευση. | |
| 520 | |a Στην εργασία αυτή γίνεται μία μελέτη των γνωστότερων μεθόδων που μπορούν να χρησιμοποιηθούν για την ανάλυση δεδομένων που λαμβάνονται επαναλαμβανόμενα στο χρόνο (longitudinal data). Εκτός από τη γραμμική περίπτωση εξετάζεται και η οικογένεια των γενικευμένων γραμμικών μοντέλων κάτω από το πλαίσιο των επαναλαμβανόμενων μετρήσεων. Επίσης αναφερόμαστε και σε δύο πρόσφατες μεθόδους οι οποίες μπορούν να διαχειριστούν περιπτώσεις όπου η συμμεταβλητή είναι λογοκριμένη. Παραδείγματα τέτοιων δεδομένων συναντώνται συνήθως σε κλινικές μελέτες όπου ο χρόνος μέχρι το θάνατο (ή κάποιο γεγονός) παίζει το ρόλο της συμμεταβλητής. Την εργασία κλείνουμε με μία ανάλυση πραγματικών δεδομένων που αφορούν σε ασθενείς με HIV. | ||
| 520 | |a In this thesis we study the most popular methods for analyzing data that are taken repeatedly over time (longitudinal data). Apart from the linear case we also explore the generalized linear models family under the longitudinal data framework. We also discuss two recent techniques that can accommodate a censored covariate. Such data are often met in clinical studies where the time-to-death (or some event) variable is considered as a covariate. We end up with a real data application regarding patients with HIV. | ||
| 540 | |a Κλειδωμένη η δυνατότητα αντιγραφής (copy) του κειμένου. | ||
| 610 | 2 | 0 | |a University of the Aegean |x Dissertations. |
| 650 | 0 | 0 | |a Linear models (Statistics) |
| 650 | 0 | 0 | |a Regression analysis. |
| 650 | 0 | 0 | |a Dissertations, Academic |z Greece. |
| 700 | 1 | |a Τσιμήκας, Ιωάννης, |e dgs | |
| 710 | 2 | |a Πανεπιστήμιο Αιγαίου. |b Σχολή Θετικών Επιστημών. |b Τμήμα Στατιστικής και Αναλογιστικών-Χρηματοοικονομικών Μαθηματικών. |b Μεταπτυχιακό Πρόγραμμα στη Στατιστική και τα Χρηματοοικονομικά-Αναλογιστικά Μαθηματικά. |b Στατιστική και Ανάλυση Δεδομένων. | |
| 852 | |a INST |b SAMOS |c DIATR |e 20130107 |h 519.535 ΒΑΛ |p 005300033498 |q 005300033498 |t MTXE |y 23 | ||
| 852 | |a INST |b SAMOS |c DIATR |e 20121219 |h 519.535 ΒΑΛ |p 005300033499 |q 005300033499 |t MTXE |y 23 | ||
| 856 | |u http://hdl.handle.net/11610/15573 | ||
| 901 | |a BIBL3-2013-1 | ||
| 909 | |a Σ |b 172509 | ||
| 909 | |a Σ |b 172510 | ||
| 924 | |a ΒΑΛΑΗ |b ΓΕΩΡΓΙΑ |y Σάμος |z 2012-10 | ||
| 970 | |a ΚΟΣΙΕΡΗΣ |b ΧΡΗΣΤΟΣ |z 2013/01/07 | ||